=LDR 00000nam 2200000 4500 =001 INLIS000000000023903 =005 20200806012826 =035 ##$$a 0010-061300000023903 =008 200806################g##########0#ind## =041 ##$$a ind =082 ##$$a 2x7.3 =090 ##$$a 2x7.3, ALI p =100 ##$$a Ali, H. Mohammad Daud =245 1#$$a Pendidikan Agama Islam /$c Prof. H. Mohammad Daud Ali, S.H =260 ##$$a Jakarta :$b Rajagrafindo,$c 2005 =300 ##$$a xix, 476 hlm., ; $c 21 x 13 cm. =650 #4$$a Pendidikan Agama Islam =850 ##$$a NBPNMAT =020 ##$$a 979-421-684-4 =084 ##$$a 2x7.3 ALI p =990 ##$$a 20611590 =990 ##$$a 20611591 =990 ##$$a 20700170 =990 ##$$a 20611588